From classical to quantum mechanics : (Record no. 29508)
[ view plain ]
| 000 -LEADER | |
|---|---|
| fixed length control field | 00570 a2200169 4500 |
| 003 - CONTROL NUMBER IDENTIFIER | |
| control field | NUST |
| 005 - DATE AND TIME OF LATEST TRANSACTION | |
| control field | 20180118140506.0 |
| 008 - FIXED-LENGTH DATA ELEMENTS--GENERAL INFORMATION | |
| fixed length control field | 180118b xxu||||| |||| 00| 0 eng d |
| 020 ## - INTERNATIONAL STANDARD BOOK NUMBER | |
| International Standard Book Number | 0521833248 |
| 020 ## - INTERNATIONAL STANDARD BOOK NUMBER | |
| International Standard Book Number | 9780521833240 |
| 082 ## - DEWEY DECIMAL CLASSIFICATION NUMBER | |
| Classification number | 530.12 |
| 100 1# - MAIN ENTRY--PERSONAL NAME | |
| Personal name | Esposito, Giampiero. |
| 9 (RLIN) | 8790 |
| 245 10 - TITLE STATEMENT | |
| Title | From classical to quantum mechanics : |
| Remainder of title | an introduction to the formalism, foundations and applications / |
| Statement of responsibility, etc. | Giampiero Esposito, Giuseppe Marmo, George Sudarshan. |
| 260 ## - PUBLICATION, DISTRIBUTION, ETC. | |
| Place of publication, distribution, etc. | [S.l.] : |
| Name of publisher, distributor, etc. | Cambridge University Press, |
| Date of publication, distribution, etc. | 2004. |
| 300 ## - PHYSICAL DESCRIPTION | |
| Extent | 608 p. ; |
| Dimensions | 26 cm. |
| 700 1# - ADDED ENTRY--PERSONAL NAME | |
| Personal name | Marmo, Giuseppe. |
| 9 (RLIN) | 8791 |
| 700 1# - ADDED ENTRY--PERSONAL NAME | |
| Personal name | Sudarshan, George. |
| 9 (RLIN) | 8792 |
| 942 ## - ADDED ENTRY ELEMENTS (KOHA) | |
| Institution code [OBSOLETE] | SNS |
| Koha item type | Book |
| Call number prefix | 530.12 ESP |
| Source of classification or shelving scheme | |
| Withdrawn status | Lost status | Damaged status | Not for loan | Permanent Location | Current Location | Date acquired | Total Checkouts | Full call number | Barcode | Date last seen | Price effective from | Koha item type |
|---|---|---|---|---|---|---|---|---|---|---|---|---|
| School of Natural Sciences (SNS) | School of Natural Sciences (SNS) | 05/26/2016 | 530.12 ESP | SNS0001054 | 05/26/2016 | 05/26/2016 | Book |
